عرض عادي
عرض مارك
- المقالات العربية
مدخل مصطلح موضوعي
001 - رقم الضبط
- حقل الضبط: 21926
003 - معرف رقم الضبط
- حقل الضبط: OSt
005 - تاريخ ووقت أخر عملية
- حقل الضبط: 20130228145442.0
008 - عناصر بيانات ثابتة الطول
- حقل تحكم ثابت الطول: 130228|||a|||||| | ||| d
040 ## - مصدر الفهرسة
- هيئة الفهرسة الأصلية: OSt
- وكالة الكتابة: OSt
150 ## - مدخل-- مصطلح تاريخي
- عنصر مدخل المصطلح الموضوعي او الاسم الجغرافي: المقالات العربية
- تفريع جغرافي: مصر
- تقسيم فرعي تاريخي: قرن 20
670 ## - بيانات المصدر موجوده
- الاستشهاد بالمصدر: Work cat.: (OSt): شاكر، محمود محمد، 1327-1418 هـ, جمهرة مقالات الأستاذ محمود محمد شاكر /, 2013
